LGA database of twinning towns (Record no. 120659)
[ view plain ]
| 000 -LEADER | |
|---|---|
| fixed length control field | 01022cai a22001815a 4500 |
| 001 - CONTROL NUMBER | |
| control field | L143221 |
| 008 - FIXED-LENGTH DATA ELEMENTS--GENERAL INFORMATION | |
| fixed length control field | 080417u xxk g 000 0 eng d |
| 035 ## - SYSTEM CONTROL NUMBER | |
| System control number | (Sirsi) u143221 |
| 041 0# - LANGUAGE CODE | |
| Language code of text/sound track or separate title | eng |
| 110 1# - MAIN ENTRY--CORPORATE NAME | |
| Corporate name or jurisdiction name as entry element | England and Wales |
| Subordinate unit | Local Government Association |
| 9 (RLIN) | 3545 |
| 245 00 - TITLE STATEMENT | |
| Title | LGA database of twinning towns |
| Medium | [electronic resource] |
| 520 ## - SUMMARY, ETC. | |
| Summary, etc. | Provides a searchable A-Z list of twinned European towns and links to the towns they are twinned with. Details include the nation and region of each town. Also gives details on European twinning organisations. Provides details on how twinning can be carried out, from researching and exploratory visits to formalising and revitalising relationships. Twinning management, visits, exchanges and their benefits to young people are also discussed. |
| 590 ## - LOCAL NOTE (RLIN) | |
| Local note | KA |
| 651 #4 - SUBJECT ADDED ENTRY--GEOGRAPHIC NAME | |
| Geographic name | United Kingdom |
| Chronological subdivision | |
| 690 ## - LOCAL SUBJECT ADDED ENTRY--TOPICAL TERM (OCLC, RLIN) | |
| Topical term or geographic name as entry element | ENVIRONMENTAL AND LAND CONSULTANCY |
| 856 40 - ELECTRONIC LOCATION AND ACCESS | |
| Uniform Resource Identifier | <a href="https://www.lga.gov.uk/lga/core/page.do?pageId=29208">https://www.lga.gov.uk/lga/core/page.do?pageId=29208</a> |
| Public note | View the website free of charge at www.lga.gov.uk... |
| 942 ## - ADDED ENTRY ELEMENTS (KOHA) | |
| Suppress in OPAC | 0 |
| Withdrawn status | Lost status | Source of classification or shelving scheme | Damaged status | Not for loan | Home library | Current library | Shelving location | Date acquired | Total Checkouts | Full call number | Barcode | Date last seen | Copy number | Price effective from | Koha item type |
|---|---|---|---|---|---|---|---|---|---|---|---|---|---|---|---|
| Dewey Decimal Classification | Virtual | Virtual | Online | 17/04/2008 | ONLINE PUBLICATION | 143221-1001 | 06/08/2019 | 1 | 06/08/2019 | Online material |